000 00236nam a2200097Ia 4500
082 _aEF KHOU
245 0 _aThe sign
100 _a KHOURY, Raymond London, 2009
_976364
942 _cBK
008 210817s9999 xx 000 0 und d
999 _c253824
_d253823